| 000 | 00452nam a2200157 a 4500 | ||
|---|---|---|---|
| 005 | 20140412111226.0 | ||
| 008 | 020417s19uu xx 00 eng d | ||
| 020 | _a0-590-33818-8 | ||
| 050 |
_aTR(PS E _bSt71 |
||
| 100 | _aMcGovern, Ann | ||
| 245 |
_aStone soup / _cby Ann McGovern; pictures by Nola Langner. |
||
| 260 |
_aNew York : _bScholastic Inc, _c1968. |
||
| 300 | _a1 v. (unp.) ; ill. | ||
| 650 |
_aChildren stories _xFiction |
||
| 999 |
_c102061 _d102061 |
||